[Event "AUTO-ADV-4913"]
[Site "http://www.queenalice.com/game.php?id=1868175"]
[Date "2026.1.19"]
[Round "1"]
[White "Castling"]
[Black "ChessColossos"]
[Result "1-0"]
[WhiteElo "1727"]
[BlackElo "1625"]

1. e4 e5 2. Bc4 Bc5 3. Nf3 d6 4. h3 Nf6 5. d3 h6 6. a3 a6 7. Qe2 Nc6 8. Nc3 O-O
9. Be3 Bxe3 10. Qxe3 Re8 11. Nd5 Nxd5 12. Bxd5 Ne7 13. O-O-O c5 14. c4 Rb8 15.
g4 Nxd5 16. exd5 b5 17. Nd2 Qb6 18. Qe4 bxc4 19. b3 c3 20. Qa4 Bxg4 21. Qxg4
cxd2+ 22. Kxd2 Qxb3 23. Rb1 Qxb1 24. Rxb1 Rxb1 25. Qc4 1-0

[Event "AUTO-ADV-4914"]
[Site "http://www.queenalice.com/game.php?id=1868232"]
[Date "2026.1.21"]
[Round "1"]
[White "silverado"]
[Black "ChessColossos"]
[Result "1-0"]
[WhiteElo "1952"]
[BlackElo "1537"]

1. d4 e6 2. e4 d5 3. e5 c5 4. c3 Nc6 5. Bb5 Bd7 6. Nf3 h6 7. Be3 cxd4 8. Nxd4
Nxe5 9. Bxd7+ Qxd7 10. b3 Nf6 11. f3 Be7 12. O-O 1-0

[Event "AUTO-ADV-4914"]
[Site "http://www.queenalice.com/game.php?id=1868233"]
[Date "2026.1.21"]
[Round "1"]
[White "ChessColossos"]
[Black "silverado"]
[Result "0-1"]
[WhiteElo "1535"]
[BlackElo "1954"]

1. e4 e5 2. Nf3 Nc6 3. d4 exd4 4. Nxd4 Qf6 5. Nxc6 Qxc6 6. Bd3 a6 7. O-O Bc5 8.
a3 b5 9. Re1 Ne7 10. Be3 d6 11. b4 Bb6 0-1

[Event "AUTO-ADV-4914"]
[Site "http://www.queenalice.com/game.php?id=1868248"]
[Date "2026.1.21"]
[Round "1"]
[White "ChessColossos"]
[Black "Capixaba789"]
[Result "0-1"]
[WhiteElo "1529"]
[BlackElo "1939"]

1. e4 e5 2. Nf3 d6 3. d4 exd4 4. Nxd4 Nf6 5. Nc3 Be7 6. Be2 Bd7 7. O-O c5 8. Nf3
O-O 9. h3 Nc6 10. Bg5 Ne5 11. Nxe5 dxe5 12. Bxf6 Bxf6 13. Qd5 b6 14. Rad1 Be6
15. Qxd8 Rfxd8 16. Rxd8+ Rxd8 17. Rd1 Rxd1+ 18. Bxd1 Kf8 19. b3 a6 20. Bg4 Ke7
21. Bxe6 Kxe6 22. Nd5 Bd8 23. c4 g6 24. f3 h5 25. Kf2 f5 26. exf5+ Kxf5 27. Ke2
h4 28. Kd3 g5 29. Ke3 a5 30. a3 Ke6 31. Ke4 Kd6 32. Kf5 b5 0-1

[Event "AUTO-ADV-4914"]
[Site "http://www.queenalice.com/game.php?id=1868249"]
[Date "2026.1.21"]
[Round "1"]
[White "Capixaba789"]
[Black "ChessColossos"]
[Result "1-0"]
[WhiteElo "1921"]
[BlackElo "1722"]

1. d4 e6 2. e4 d5 3. e5 c5 4. c3 Nc6 5. Nf3 Bd7 6. Be2 Nge7 7. O-O cxd4 8. cxd4
Ng6 9. Nc3 Bb4 10. Qc2 h6 11. Be3 O-O 12. a3 Bxc3 13. bxc3 Na5 14. a4 Rc8 15.
Bd3 Nc4 16. Bxg6 fxg6 17. Qxg6 Nb6 18. Bxh6 1-0

[Event "AUTO-ADV-4914"]
[Site "http://www.queenalice.com/game.php?id=1868250"]
[Date "2026.1.21"]
[Round "1"]
[White "ChessColossos"]
[Black "oniwa"]
[Result "0-1"]
[WhiteElo "1459"]
[BlackElo "1817"]

1. e4 e5 2. Nf3 Nc6 3. d4 exd4 4. Nxd4 Nxd4 5. Qxd4 d6 6. Bc4 Nf6 7. Bg5 Be7 8.
Nc3 O-O 9. O-O a6 10. a4 h6 11. Bxf6 Bxf6 12. Qd3 Be5 13. f4 Bxc3 14. Qxc3 Bg4
15. h3 Bh5 16. g4 Bg6 0-1

[Event "AUTO-ADV-4914"]
[Site "http://www.queenalice.com/game.php?id=1868251"]
[Date "2026.1.21"]
[Round "1"]
[White "oniwa"]
[Black "ChessColossos"]
[Result "1-0"]
[WhiteElo "1815"]
[BlackElo "1461"]

1. d4 e6 2. e4 d5 3. e5 c5 4. c4 dxc4 5. Nf3 b5 6. Nc3 a6 7. d5 exd5 8. Qxd5 Ra7
9. Ng5 Qxd5 10. Nxd5 h6 11. Ne4 Be6 12. Nf4 Bf5 13. Nc3 Re7 14. Nfd5 Rxe5+ 15.
Be2 Bd3 16. Bf4 Bd6 17. Bxe5 Bxe5 18. O-O 1-0

[Event "AUTO-OPEN-4635"]
[Site "http://www.queenalice.com/game.php?id=1868282"]
[Date "2026.1.21"]
[Round "1"]
[White "MarcosT"]
[Black "ChessColossos"]
[Result "1-0"]
[WhiteElo "2014"]
[BlackElo "1708"]

1. d4 e6 2. e3 Nf6 3. Nd2 d5 4. Bd3 Nc6 5. f4 Be7 6. Ngf3 O-O 7. c3 Nb8 8. O-O
c5 9. Ng5 h6 10. Nh3 Nc6 11. Nf3 Ne4 12. Nd2 Nxd2 13. Bxd2 cxd4 14. exd4 f6 15.
f5 exf5 16. Bxf5 Bxf5 17. Rxf5 Na5 18. b3 1-0

[Event "AUTO-OPEN-4635"]
[Site "http://www.queenalice.com/game.php?id=1868283"]
[Date "2026.1.21"]
[Round "1"]
[White "ChessColossos"]
[Black "MarcosT"]
[Result "0-1"]
[WhiteElo "1704"]
[BlackElo "2018"]

1. e4 e5 2. Nf3 Nf6 3. d3 Bc5 4. Be2 O-O 5. O-O Nc6 6. Bg5 Be7 7. a3 d6 8. h3 h6
9. Bxf6 Bxf6 10. Nc3 Nd4 11. Nd5 c6 12. Nxf6+ Qxf6 13. c3 Nxe2+ 14. Qxe2 Be6 15.
Rfe1 Rae8 16. Qd2 Bxh3 17. gxh3 Qxf3 18. Qe3 Qh5 19. Qxa7 Qxh3 20. Qxb7 Re6 0-1

[Event "AUTO-OPEN-4635"]
[Site "http://www.queenalice.com/game.php?id=1868322"]
[Date "2026.1.21"]
[Round "1"]
[White "ChessColossos"]
[Black "bmax"]
[Result "0-1"]
[WhiteElo "1533"]
[BlackElo "2242"]

1. e4 c6 2. d4 d5 3. Nc3 dxe4 4. Nxe4 Bf5 5. Ng3 Bg6 6. Nf3 Nd7 7. Bd3 Bxd3 8.
Qxd3 e6 9. O-O Ngf6 10. Bg5 Bd6 11. Ne4 Be7 12. Bxf6 Nxf6 13. Nxf6+ Bxf6 14.
Rad1 O-O 15. c3 Qa5 16. Ra1 Rad8 0-1

[Event "AUTO-OPEN-4635"]
[Site "http://www.queenalice.com/game.php?id=1868323"]
[Date "2026.1.21"]
[Round "1"]
[White "bmax"]
[Black "ChessColossos"]
[Result "1-0"]
[WhiteElo "2243"]
[BlackElo "1531"]

1. d4 e6 2. Nf3 c5 3. e3 Nf6 4. Bd3 b6 5. b3 d5 6. Bb2 Be7 7. O-O O-O 8. Nbd2
Ba6 9. c4 dxc4 10. bxc4 cxd4 11. exd4 Bb7 12. Ne5 Nc6 13. Ndf3 Nxe5 14. dxe5
Bxf3 15. Qxf3 Nd7 16. Qh3 1-0

[Event "AUTO-ADV-4915"]
[Site "http://www.queenalice.com/game.php?id=1868454"]
[Date "2026.1.26"]
[Round "1"]
[White "SGF"]
[Black "ChessColossos"]
[Result "1-0"]
[WhiteElo "1753"]
[BlackElo "1613"]

1. e4 e5 2. Qf3 Qf6 3. Qxf6 Nxf6 4. d3 Nc6 5. c3 d5 6. exd5 Nxd5 7. Nf3 Bg4 8.
Be2 O-O-O 9. b4 Nxc3 10. Nxc3 Bxb4 11. Bd2 Bxf3 12. Bxf3 Rxd3 13. Rd1 Bxc3 14.
Bxc6 Rxd2 15. Bxb7+ Kxb7 16. Rxd2 Rd8 17. O-O Rxd2 18. f4 Rxa2 19. fxe5 Ra1 20.
Rxa1 Bxa1 21. Kf2 Bxe5 22. h4 h5 23. Kf3 g5 24. hxg5 a5 25. g4 hxg4+ 26. Kxg4 c5
27. Kf5 Ba1 28. g6 fxg6+ 29. Kxg6 Bg7 30. Kxg7 c4 31. Kf6 c3 32. Ke5 1-0

[Event "AUTO-ADV-4915"]
[Site "http://www.queenalice.com/game.php?id=1868455"]
[Date "2026.1.26"]
[Round "1"]
[White "ChessColossos"]
[Black "SGF"]
[Result "0-1"]
[WhiteElo "1593"]
[BlackElo "1773"]

1. e4 e5 2. Nf3 Qf6 3. d4 d6 4. Bg5 Qg6 5. dxe5 h6 6. Bh4 Qxe4+ 7. Be2 g5 8. Nc3
Qb4 9. Bxg5 hxg5 10. Nxg5 Qxb2 11. Nb5 Na6 12. exd6 cxd6 13. O-O Qe5 14. Nf3 Qh5
15. Nxd6+ Bxd6 16. Qxd6 Ne7 17. Rad1 Nc6 18. Bxa6 Rh6 19. Rfe1+ Be6 20. Bxb7 Rd8
21. Bxc6+ Rd7 22. Bxd7+ Kd8 23. Bxe6+ Ke8 24. Bxf7+ Kxf7 25. Qxh6 Qxh6 26. Rd7+
Kg6 27. Re6+ Kh5 28. Rd5+ Qg5 0-1

[Event "AUTO-ADV-4915"]
[Site "http://www.queenalice.com/game.php?id=1868466"]
[Date "2026.1.26"]
[Round "1"]
[White "maurice916"]
[Black "ChessColossos"]
[Result "1-0"]
[WhiteElo "1849"]
[BlackElo "1701"]

1. Nf3 Nf6 2. b3 g6 3. Bb2 Bg7 4. e3 O-O 5. c4 d5 6. Be2 dxc4 7. bxc4 Bg4 8. O-O
Nc6 9. Nc3 a6 10. d4 e6 11. a3 Na5 12. Na4 c6 13. Bc3 1-0

[Event "AUTO-ADV-4915"]
[Site "http://www.queenalice.com/game.php?id=1868467"]
[Date "2026.1.26"]
[Round "1"]
[White "ChessColossos"]
[Black "maurice916"]
[Result "0-1"]
[WhiteElo "1691"]
[BlackElo "1859"]

1. e4 c6 2. d4 d5 3. Nc3 dxe4 4. Nxe4 Nf6 5. Nxf6+ exf6 6. Bc4 Bd6 7. Nf3 Bg4 8.
O-O O-O 9. Re1 Nd7 10. h3 Bh5 11. Be2 Re8 12. Bd2 Nf8 13. Nh2 Bxe2 0-1

[Event "AUTO-OPEN-4636"]
[Site "http://www.queenalice.com/game.php?id=1868566"]
[Date "2026.1.27"]
[Round "1"]
[White "Carlos19"]
[Black "ChessColossos"]
[Result "1-0"]
[WhiteElo "1777"]
[BlackElo "1682"]

1. e4 e5 2. Nf3 Nc6 3. Bc4 Nf6 4. Ng5 d5 5. exd5 Nxd5 6. d3 Be7 7. h4 h6 8. Ne4
Nb6 9. Bb5 Bd7 10. Nbc3 O-O 11. Nc5 Bc8 12. N5e4 Bxh4 13. g3 Be7 14. Bxc6 bxc6
15. g4 f5 16. gxf5 Rxf5 17. Ng3 Rxf2 18. Be3 1-0

[Event "AUTO-OPEN-4636"]
[Site "http://www.queenalice.com/game.php?id=1868567"]
[Date "2026.1.27"]
[Round "1"]
[White "ChessColossos"]
[Black "Carlos19"]
[Result "0-1"]
[WhiteElo "1649"]
[BlackElo "1810"]

1. e4 e5 2. Nf3 Nc6 3. d4 exd4 4. Nxd4 Nxd4 5. Qxd4 Be7 6. Qxg7 Bf6 7. Qg3 h5 8.
Bc4 Qe7 9. Bd3 Bh4 10. Qf3 Qf6 11. Qxf6 Nxf6 12. Be3 d5 13. exd5 Nxd5 14. Bd4
O-O 15. O-O Bf6 16. Bxf6 Nxf6 17. Nc3 c5 18. Ne4 Nxe4 0-1

[Event "AUTO-OPEN-4636"]
[Site "http://www.queenalice.com/game.php?id=1868586"]
[Date "2026.1.27"]
[Round "1"]
[White "Capixaba789"]
[Black "ChessColossos"]
[Result "1-0"]
[WhiteElo "1941"]
[BlackElo "1527"]

1. d4 e6 2. e4 d5 3. e5 c5 4. c3 Nc6 5. Nf3 Bd7 6. Be2 Nge7 7. O-O Qb6 8. Na3
cxd4 9. cxd4 Nf5 10. Nb5 a6 11. Nc3 Nfxd4 12. Nxd4 Qxd4 13. Qxd4 Nxd4 14. Bg4
Bb4 15. Bd2 Nc6 16. Rad1 Nxe5 17. Bh3 O-O 18. f4 Bc5+ 19. Kh1 Nc4 20. Bc1 b5 21.
a3 Be3 22. Nxd5 1-0

[Event "AUTO-OPEN-4636"]
[Site "http://www.queenalice.com/game.php?id=1868587"]
[Date "2026.1.27"]
[Round "1"]
[White "ChessColossos"]
[Black "Capixaba789"]
[Result "0-1"]
[WhiteElo "1525"]
[BlackElo "1943"]

1. e4 e5 2. Nf3 d6 3. d4 exd4 4. Nxd4 Nf6 5. Nc3 Be7 6. Be2 O-O 7. O-O Bd7 8.
Bg5 Nc6 9. Nxc6 Bxc6 10. Bd3 a6 11. a4 Nd7 12. Bxe7 Qxe7 13. Re1 Qf6 14. g3 Ne5
15. f4 Ng6 16. e5 dxe5 17. Bxg6 Qxg6 18. Rxe5 Qh6 19. Rh5 Qg6 0-1